1326 1594 1456 1327 1998 1264 1681 1866 1518 1989 1603 1775 1210 1296 1670 1228 1297 1785 1646 1362 1083 1234 1188 1529 1920 1872 1712 1837 1555 1931 1688 1220 1981 1740 1117 1270 1729 1966 1605 1623 1012 1047 1141 1647 1016 1922 1737 1689 1147 1344 1530 1466 1118 1176 1927 1248 1294 1664 1178 1131 1889 1899 1194 1342 1016 1606 1301 1806 1503 1143 1782 1370 1687 1510 1345 1060 1694 1860 1548 1228 1889 1111 1906 1609 1900 1839 1143 1757 1242 1697 1909 1821 1717 1489 1882 1828 1552 1960 1857 BCNSPRNW ULIB Ver.6.0+V

เปลี่ยนเป็นภาษาไทย

Change to English
 แสดงรายละเอียดบรรณานุกรม
  กลับหน้าหลัก

Brief Record : Get Marc (ISO 2709) : E-mail record : QR code < ปิดหน้าต่าง
LEADER : 00000nam 2200000uu 4500
001    13399110763
003     ULIB
008    110608s2546||||th 000 0 tha d
020    9747597438 (ล.1)
020    9747597543 (ล.2)
020    9747597535 (ล.2)
020    9747597624 (ล.3)
090    นว^bท869ล ล.1-3 2544-2546
100 1  โทลคีน, เจ.อาร์.อาร์,^dค.ศ.1892-1973
245 10 ลอร์ด ออฟ เดอะ ริงส์ =^bThe Lord of the rings /^cเจ.อาร์.อาร์ โทลคีน, เรื่องและภาพประกอบ ; วัลลี ชื่นยง, แปล
246 31 Lord of the rings
260    กรุงเทพฯ :^bแพรวเยาวชน,^c2544-<2546>
300    3 เล่ม ;^c22 ซม. +^eแผ่นพับ 1 แผ่น
440  0 วรรณกรรมเยาวชน
505 0  ^gล.1^tมหันตภัยแห่งแหวน --^gล.2^tหอคอยคู่พิฆาต --^gล.3^tกษัตริย์คืนบัลลังก์
650  7 นวนิยายอังกฤษ^xการแปลเป็นภาษาไทย
700 0  วัลลี ชื่นยง,^eผู้แปล
700 1  Tolkien, J.R.R.^q(John Ronald Reuel),^d1892-1973
740 02 มหันตภัยแห่งแหวน
740 02 หอคอยคู่พิฆาต
740 02 กษัตริย์คืนบัลลังก์
945    ^p325^l0^i014804
945    ^p325^l0^i030133
945    ^p325^l0^i014803
945    ^p325^l0^i014805
995    เกษร
999 ^a ใช้งานได้ทุกระบบ
รายการนี้ยังไม่มีแท็ก
คุณยังไม่ได้ล็อกอิน คุณสามารถมีกิจกรรมร่วมกับเว็บไซต์ได้ แต่ต้องล็อกอินก่อน ::
  ล็อกอิน

รายการสื่อสารสนเทศ

ลำดับที่ ประเภท เลขเรียก/บาร์โค้ด สถานที่ สถานะ
- ไม่พบข้อมูล -

BibComment


ยังไม่เคยถูกคอมเมนท์

คอมเมนท์ทรัพยากรรายการนี้
  คอมเมนท์: ลอร์ด ออฟ เดอะ ริ..

สมาชิกที่บันทึกรายการนี้ไว้ในรายการโปรด
นางสาวนุชศรา พรมชัย

 Copyright 2026. Bcnsprnw @Library